| 000 | 00568nam a2200193Ia 4500 | ||
|---|---|---|---|
| 005 | 20250508170102.0 | ||
| 008 | 008 250505s9999 xx 000 0 hin d | ||
| 037 | _aTextual | ||
| 040 |
_aFEDL _beng _cFEDL |
||
| 041 |
_ahin _2eng |
||
| 084 |
_a891.433, DHY _qFEDL |
||
| 245 | 0 | _aSwami Ramanand charitavali (Shri Lokmani Maharaj): Tamso ma jayotirgamye | |
| 260 |
_aDelhi, India _bMadhur Prakashan _c2020 |
||
| 300 | _a168p. | ||
| 365 |
_aINR _b125 |
||
| 546 | _aGifted by Bhola Dutt | ||
| 942 |
_cTEXL _h891.433, DHY |
||
| 999 |
_c1399138 _d1399138 |
||